Comunicación corporativa

Gorde:
Xehetasun bibliografikoak
Egile nagusia: Riel, Cees B. M. van (Egilea)
Formatua: Liburua
Hizkuntza:gaztelania
Argitaratua: Madrid Pearson Educación 1997
Gaiak:
Etiketak: Etiketa erantsi
Etiketarik gabe, Izan zaitez lehena erregistro honi etiketa jartzen!

MARC

LEADER 00000nam a2200000 a 4500
001 UCL0448
003 CL-VaPUC
008 030718e19970000SP |||||||||||||||||spa|d
020 |a 8489660077 
082 0 4 |a 658.8  |b RIE  |2 21 
100 0 |a Riel, Cees B. M. van  |e author  |9 477138 
245 1 0 |a Comunicación corporativa 
300 |a 244 p 
942 |c BK 
945 |d 20030718 00:00:00  |a cmena 
260 |a Madrid  |b Pearson Educación  |c 1997 
650 0 |a Marketing  |9 259324 
650 0 |a Imagen corporativa  |9 464486 
650 0 |a Publicidad  |9 314572 
650 0 |a Planificación estratégica   |9 259735 
650 0 |a Investigación de mercado  |9 332310 
583 |a last modification  |c 20030718 00:00:00  |k Rodrigo Vera 
999 |c 304317  |d 304315 
952 |0 0  |1 0  |4 0  |6 658_800000000000000_RIE_1997  |7 0  |8 A  |9 366324  |a BIBENE  |b BIBENE  |d 2019-11-21  |i 3921875  |o 658.8 RIE 1997  |p 3921875  |r 2025-01-15  |w 2019-11-21  |y BK  |k ICO 
952 |0 0  |1 0  |4 0  |6 658_800000000000000_RIE_1997  |7 0  |8 A  |9 366325  |a BIBENE  |b BIBENE  |d 2019-11-21  |i 3921883  |o 658.8 RIE 1997  |p 3921883  |r 2025-01-15  |w 2019-11-21  |y BK  |k ICO 
952 |0 0  |1 0  |4 0  |6 658_800000000000000_RIE_1997  |7 0  |8 A  |9 366326  |a BIBENE  |b BIBENE  |d 2019-11-21  |i 3921891  |o 658.8 RIE 1997  |p 3921891  |r 2025-01-15  |w 2019-11-21  |y BK  |k ICO